Quan arriba el migdia / Jordi Sala ; pròleg de Joan Casas
ISBN:
84-7794-398-2
Descripción Física:
90 p. ; 18 cm
Otros Autores:
Casas, Joan, 1950-
Materias:
Teatre
MARC
| LEADER | 00000nam a2200000Ia 4500 | ||
|---|---|---|---|
| 001 | 17016 | ||
| 008 | 160829s1995 xx 000 0 cat d | ||
| 020 | |a 84-7794-398-2 | ||
| 080 | |a L-1-359 | ||
| 100 | 1 | |a Sala Lleal, Jordi, |d 1967- |9 22882 | |
| 245 | |a Quan arriba el migdia / Jordi Sala ; pròleg de Joan Casas | ||
| 260 | |a Barcelona : |b Institut del Teatre, Diputació de Barcelona, |c 1995 | ||
| 300 | |a 90 p. ; |c 18 cm | ||
| 490 | |a Biblioteca teatral (Institut del Teatre (Barcelona)) ; 89 | ||
| 590 | |a Premi Ignasi Iglésias 1994 | ||
| 650 | |a Teatre |9 20099 | ||
| 700 | |a Casas, Joan, |d 1950- |e escriptor del pròleg |9 23157 | ||
| 710 | 1 | |a Institut del Teatre (Barcelona, Catalunya) |9 52662 | |
| 901 | |a Arxiu | ||
| 942 | |n 1 |2 udc | ||
| 952 | |0 0 |1 0 |4 0 |6 L1359 |7 1 |9 42366 |a Arxiu |b Arxiu |d 2016-12-01 |l 0 |o L-1-359 |p 17016 |r 2016-12-01 00:00:00 |w 2016-12-01 |y ARXIU | ||
| 999 | |c 44844 |d 44844 | ||